000
00295nam a22001337a 4500
008
210507b ||||| |||| 00| 0 eng d
041
_a
eng
080
_2
2nd
_8
_a
311
082
_a
311
100
_a
53
101
_a
STA
245
_a
Introductory Statistics
_c
Wonnacott,Th.H
942
_2
udc
_c
BK
999
_c
57107
_d
57107